Wer kriegt mehr Touristen? #1 - Statistiken

Allgemein
  • Dieses Quiz wurde 60 mal gespielt
  • Das Durchschnittsergebnis liegt bei 7 aus 10
Antwortstatistiken
Frage Antwort % Korrekt
...Mexiko oder die Vereinigten Staaten? USA🇺🇸
96%
...Polen oder Portugal? Portugal🇵🇹
91%
...Österreich oder die Schweiz? Österreich🇦🇹
76%
...Rumänien oder Bulgarien? Bulgarien🇧🇬
69%
...die Türkei oder Griechenland? Türkei🇹🇷
67%
...Südkorea oder die Vereinigten Arabischen Emirate? VAE🇦🇪
63%
...Lettland oder Montenegro? Montenegro🇲🇪
59%
...San Marino oder die Komoren? San Marino🇸🇲
59%
...Albanien oder Belgien? Albanien🇦🇱
39%
...Saudi-Arabien oder die Niederlanden? Saudi-Arabien🇸🇦
37%
Keine übereinstimmenden Quizze gefunden
Verteilung der Resultate
Anzahl Personen mit jedem Resultat
Perzentil nach korrekt beantworteten Fragen
Ihre Resultats-Entwicklung
Sie haben dieses Quiz noch nicht gespielt